एकदा काय झालं (Record no. 836203)

MARC details
000 -LEADER
fixed length control field 00596nam a2200169Ia 4500
008 - FIXED-LENGTH DATA ELEMENTS--GENERAL INFORMATION
fixed length control field 110201s9999 xx 000 0 und d
082 ## - DEWEY DECIMAL CLASSIFICATION NUMBER
Item number B10806
Classification number S 2101
100 ## - MAIN ENTRY--PERSONAL NAME
Personal name डॉ. बर्वे राजेंद्र
245 ## - TITLE STATEMENT
Title एकदा काय झालं
260 ## - PUBLICATION, DISTRIBUTION, ETC. (IMPRINT)
Name of publisher, distributor, etc मनोविकास प्रकाशन
365 ## - TRADE PRICE
Price amount 130
600 ## - SUBJECT ADDED ENTRY--PERSONAL NAME
Personal name डॉ. बर्वे राजेंद्र
630 ## - SUBJECT ADDED ENTRY--UNIFORM TITLE
Uniform title एकदा काय झालं
700 ## - ADDED ENTRY--PERSONAL NAME
Personal name डॉ. बर्वे राजेंद्र
730 ## - ADDED ENTRY--UNIFORM TITLE
Uniform title एकदा काय झालं
942 ## - ADDED ENTRY ELEMENTS (KOHA)
Koha item type Book
Holdings
Withdrawn status Lost status Damaged status Not for loan Home library Current library Date acquired Cost, normal purchase price Total Checkouts Barcode Date last seen Cost, replacement price Price effective from Koha item type
        Prof.Manikrao Kirtane Vachanalaya, Vashi, Navi Mumbai Prof.Manikrao Kirtane Vachanalaya, Vashi, Navi Mumbai 02/01/2011 130.00   PMKV-B10806 02/01/2011 130.00 02/01/2011 Book